Arrêts de tram de Nantes - Ligne 1 - Statistiques

Statistiques générales
  • Ce quiz a été pris 71 fois
  • Le résultat moyen est 21 sur 35
Statistiques - réponses
Commune Arrêts Correspondances % Correct
Nantes Commerce 2, 3, C2, C3, C8, 26
98%
Nantes Bouffay
91%
Nantes Médiathèque
91%
Nantes Beaujoire C6, 75
87%
Nantes Duchesse Anne - Château 4
87%
Nantes Gare Nord 5, C2, C3, C8
87%
Nantes Haluchère-Batignolles C1, 23, 77, 80, 85, 95
81%
Saint-Herblain François Mitterrand 50, 71, 93
80%
Nantes Chantiers Navals
78%
Nantes Jamet
72%
Nantes Mairie de Doulon 12, 87
70%
Nantes Gare Maritime C20, 81, E1, N1
69%
Nantes Souillarderie C7
67%
La Chapelle-sur-Erdre Babinière 66
65%
Nantes Moutonnerie
65%
Nantes Bd de Doulon C3, 10
63%
Nantes Hôpital Bellier
61%
Nantes Ranzay C6, 23, 80
57%
Nantes Landreau 87
54%
Nantes Manufacture
54%
Nantes Pin Sec 11
54%
Nantes Égalité 10, 11
46%
Nantes Halvêque 95
46%
Nantes Croix Bonneau 11
44%
Saint-Herblain Neruda 23, 59
44%
Saint-Herblain Schœlcher
44%
Saint-Herblain Tourmaline
44%
Saint-Herblain Tertre C20, 11
43%
Nantes Du Chaffault
39%
Nantes Mendès France - Bellevue C20, 23, 40, 59, 81, 91
37%
Nantes Romain Rolland
33%
Nantes Jean Moulin 11
31%
Nantes Lauriers
31%
Nantes Romanet C20
31%
Saint-Herblain Frachon
28%
Aucun quiz correspondant
Distribution des résultats
% des personnes avec chaque résultat
Percentile par nombre de réponses
Votre historique - résultats
Vous n’avez pas pris ce quiz